<?xml version="1.0" encoding="UTF-8"?><?xml-stylesheet type="text/xsl" href="static/style.xsl"?><OAI-PMH xmlns="http://www.openarchives.org/OAI/2.0/" xmlns:xsi="http://www.w3.org/2001/XMLSchema-instance" xsi:schemaLocation="http://www.openarchives.org/OAI/2.0/ http://www.openarchives.org/OAI/2.0/OAI-PMH.xsd"><responseDate>2026-04-17T05:22:46Z</responseDate><request verb="GetRecord" identifier="oai:www.recercat.cat:11351/13981" metadataPrefix="marc">https://recercat.cat/oai/request</request><GetRecord><record><header><identifier>oai:recercat.cat:11351/13981</identifier><datestamp>2025-10-31T10:49:11Z</datestamp><setSpec>com_2072_378072</setSpec><setSpec>com_2072_378040</setSpec><setSpec>col_2072_378100</setSpec></header><metadata><record xmlns="http://www.loc.gov/MARC21/slim" xmlns:dcterms="http://purl.org/dc/terms/" xmlns:xsi="http://www.w3.org/2001/XMLSchema-instance" xmlns:doc="http://www.lyncode.com/xoai" xsi:schemaLocation="http://www.loc.gov/MARC21/slim http://www.loc.gov/standards/marcxml/schema/MARC21slim.xsd">
   <leader>00925njm 22002777a 4500</leader>
   <datafield ind2=" " ind1=" " tag="042">
      <subfield code="a">dc</subfield>
   </datafield>
   <datafield ind2=" " ind1=" " tag="720">
      <subfield code="a">Naume, Bjørn</subfield>
      <subfield code="e">author</subfield>
   </datafield>
   <datafield ind2=" " ind1=" " tag="720">
      <subfield code="a">wildiers, hans</subfield>
      <subfield code="e">author</subfield>
   </datafield>
   <datafield ind2=" " ind1=" " tag="720">
      <subfield code="a">Sonke, Gabe</subfield>
      <subfield code="e">author</subfield>
   </datafield>
   <datafield ind2=" " ind1=" " tag="720">
      <subfield code="a">Karakatsanis, Andreas</subfield>
      <subfield code="e">author</subfield>
   </datafield>
   <datafield ind2=" " ind1=" " tag="720">
      <subfield code="a">Matikas, Alexios</subfield>
      <subfield code="e">author</subfield>
   </datafield>
   <datafield ind2=" " ind1=" " tag="720">
      <subfield code="a">DIECI, MARIA VITTORIA</subfield>
      <subfield code="e">author</subfield>
   </datafield>
   <datafield ind2=" " ind1=" " tag="720">
      <subfield code="a">Villacampa Javierre, Guillermo</subfield>
      <subfield code="e">author</subfield>
   </datafield>
   <datafield ind2=" " ind1=" " tag="260">
      <subfield code="c">2025-10-30T11:58:38Z</subfield>
   </datafield>
   <datafield ind2=" " ind1=" " tag="260">
      <subfield code="c">2025-10-30T11:58:38Z</subfield>
   </datafield>
   <datafield ind2=" " ind1=" " tag="260">
      <subfield code="c">2025-08</subfield>
   </datafield>
   <datafield ind2=" " ind1=" " tag="520">
      <subfield code="a">Breast tumours; Drug therapy</subfield>
   </datafield>
   <datafield ind2=" " ind1=" " tag="520">
      <subfield code="a">Tumores de mama; Tratamiento farmacológico</subfield>
   </datafield>
   <datafield ind2=" " ind1=" " tag="520">
      <subfield code="a">Tumors de mama; Teràpia farmacològica</subfield>
   </datafield>
   <datafield ind2=" " ind1=" " tag="520">
      <subfield code="a">Introduction: Neoadjuvant therapy is the standard of care for the treatment of human epidermal growth factor receptor 2 (HER2)-positive breast cancer (BC). Studies on first-generation antibody-drug conjugates, such as trastuzumab emtansine (T-DM1), showed equal or slightly lower efficacy than chemotherapy combined with dual HER2 blockade. Trastuzumab deruxtecan (T-DXd) is a next-generation conjugate approved for the treatment of metastatic HER2-positive and HER2-low BC, with greatly improved efficacy compared to T-DM1.&#xd;
Methods and analysis: ARIADNE is an academic, international, open-label, randomised, comparative phase IIB trial. A total of 370 patients with non-metastatic HER2-positive BC and an indication for neoadjuvant therapy will be included and randomised 1:1 to receive either (1) docetaxel (or paclitaxel), carboplatin, trastuzumab (H) and pertuzumab (P) for three cycles or (2) T-DXd for three cycles. Further treatment is based on the intrinsic molecular subtype determined by the Prosigna assay: patients with HER2-enriched disease (estimated 60%) continue the same treatment for three more cycles. Patients with oestrogen receptor (ER)-positive and luminal (estimated 30%) disease receive H and P for three cycles, combined with letrozole and ribociclib for two cycles. Patients with ER-negative and luminal, basal-like or normal-like disease (estimated 10%) either continue the same treatment for three more cycles in the case of a radiologic complete response, or, in the case of no complete response, they receive four cycles of dose-dense epirubicin and cyclophosphamide. The primary endpoint of ARIADNE is locally assessed rate of pathologic complete response in the molecularly HER2-enriched population, defined as ypT0/Tis, ypN0, as determined by a pathologist blinded to treatment assignment (intention-to-treat (ITT) analysis). Key secondary endpoints include time-to-event endpoints (event-free, recurrence-free, distant recurrence-free and overall survival), safety, health-related quality of life and translational studies.&#xd;
Ethics and dissemination: The study has been approved by the Swedish Medical Products Agency (Läkemedelsverket), the Swedish Ethical Review Authority (Etikprövningsmyndigheten) and the Norwegian Ethics Committee for Clinical Trials on Medicinal Products and Medical Devices, as well as by the review boards at all participating centres. Applications for ethical approval in Belgium, the Netherlands and Italy are ongoing. We intend to publish the results of the study in a scientific journal. The study results will be submitted to the European Union (EU) database within 1 year after the end of the clinical trial (CT).&#xd;
Trial registration number: EU CT registration number: 2022-501504-95-00; ClinicalTrials.gov identifier: NCT05900206.</subfield>
   </datafield>
   <datafield ind2=" " ind1=" " tag="520">
      <subfield code="a">This work was supported by the Swedish Research Council (Vetenskapsrådet), grant number 2020-00636; the Swedish Cancer Society (Cancerfonden), grant number 24 3705 S 02 H and by AstraZeneca, Novartis and Veracyte.</subfield>
   </datafield>
   <datafield ind1="8" ind2=" " tag="024">
      <subfield code="a">http://hdl.handle.net/11351/13981</subfield>
   </datafield>
   <datafield tag="653" ind2=" " ind1=" ">
      <subfield code="a">Anticossos monoclonals - Ús terapèutic</subfield>
   </datafield>
   <datafield tag="653" ind2=" " ind1=" ">
      <subfield code="a">Mama - Càncer - Tractament</subfield>
   </datafield>
   <datafield tag="653" ind2=" " ind1=" ">
      <subfield code="a">Medicaments antineoplàstics - Ús terapèutic</subfield>
   </datafield>
   <datafield tag="653" ind2=" " ind1=" ">
      <subfield code="a">DISEASES::Neoplasms::Neoplasms by Site::Breast Neoplasms</subfield>
   </datafield>
   <datafield tag="653" ind2=" " ind1=" ">
      <subfield code="a">Other subheadings::Other subheadings::Other subheadings::/drug therapy</subfield>
   </datafield>
   <datafield tag="653" ind2=" " ind1=" ">
      <subfield code="a">CHEMICALS AND DRUGS::Chemical Actions and Uses::Pharmacologic Actions::Therapeutic Uses::Antineoplastic Agents::Antineoplastic Agents, Immunological</subfield>
   </datafield>
   <datafield tag="653" ind2=" " ind1=" ">
      <subfield code="a">CHEMICALS AND DRUGS::Amino Acids, Peptides, and Proteins::Proteins::Blood Proteins::Serum Globulins::Immunoglobulins::Antibodies::Immunoconjugates</subfield>
   </datafield>
   <datafield tag="653" ind2=" " ind1=" ">
      <subfield code="a">ANALYTICAL, DIAGNOSTIC AND THERAPEUTIC TECHNIQUES, AND EQUIPMENT::Therapeutics::Combined Modality Therapy::Neoadjuvant Therapy</subfield>
   </datafield>
   <datafield tag="653" ind2=" " ind1=" ">
      <subfield code="a">ENFERMEDADES::neoplasias::neoplasias por localización::neoplasias de la mama</subfield>
   </datafield>
   <datafield tag="653" ind2=" " ind1=" ">
      <subfield code="a">Otros calificadores::Otros calificadores::Otros calificadores::/farmacoterapia</subfield>
   </datafield>
   <datafield tag="653" ind2=" " ind1=" ">
      <subfield code="a">COMPUESTOS QUÍMICOS Y DROGAS::acciones y usos químicos::acciones farmacológicas::usos terapéuticos::antineoplásicos::inmunoterapia antineoplásica</subfield>
   </datafield>
   <datafield tag="653" ind2=" " ind1=" ">
      <subfield code="a">COMPUESTOS QUÍMICOS Y DROGAS::aminoácidos, péptidos y proteínas::proteínas::proteínas sanguíneas::globulinas séricas::inmunoglobulinas::anticuerpos::inmunoconjugados</subfield>
   </datafield>
   <datafield tag="653" ind2=" " ind1=" ">
      <subfield code="a">TÉCNICAS Y EQUIPOS ANALÍTICOS, DIAGNÓSTICOS Y TERAPÉUTICOS::terapéutica::tratamiento combinado::tratamiento neoadyuvante</subfield>
   </datafield>
   <datafield ind2="0" ind1="0" tag="245">
      <subfield code="a">Randomised trial of trastuzumab deruxtecan and biology-driven selection of neoadjuvant treatment for HER2-positive breast cancer: a study protocol of ARIADNE</subfield>
   </datafield>
</record></metadata></record></GetRecord></OAI-PMH>